Getting the message (Record no. 70627)
[ view plain ]
| 000 -LEADER | |
|---|---|
| fixed length control field | 01259cam a2200253 4500 |
| 001 - CONTROL NUMBER | |
| control field | ABS65611 |
| 008 - FIXED-LENGTH DATA ELEMENTS--GENERAL INFORMATION | |
| fixed length control field | 020701n2002 000 0 eng u |
| 035 ## - SYSTEM CONTROL NUMBER | |
| System control number | (Sirsi) u118606 |
| 100 ## - MAIN ENTRY--PERSONAL NAME | |
| Personal name | Davison, P. |
| 245 ## - TITLE STATEMENT | |
| Title | Getting the message |
| 260 ## - PUBLICATION, DISTRIBUTION, ETC. | |
| Date of publication, distribution, etc. | 2002 |
| 490 ## - SERIES STATEMENT | |
| Series statement | Surveyor |
| Volume/sequential designation | 16 May 2002, 14-15(2) |
| 520 ## - SUMMARY, ETC. | |
| Summary, etc. | Highlights the findings of a survey undertaken for the Department of Transport Local Government and the Regions. This illustrates the barriers that many local authorities face in attempting to curb types of very poor air quality periods. The charging and local transport division of the DTLR commissioned the study as part of its TRAMAQ research programme which seeks to provide local authorities with guidance so that there can be an assessment of the effects of traffic management on air quality. Considers strategies for information providers when they are developing certain aspects in designing their traveller information strategies. |
| 590 ## - LOCAL NOTE (RLIN) | |
| Local note | ABS |
| 650 ## - SUBJECT ADDED ENTRY--TOPICAL TERM | |
| Topical term or geographic name entry element | TRAFFIC MANAGEMENT |
| 650 ## - SUBJECT ADDED ENTRY--TOPICAL TERM | |
| Topical term or geographic name entry element | TRAFFIC CONTROL |
| 650 ## - SUBJECT ADDED ENTRY--TOPICAL TERM | |
| Topical term or geographic name entry element | DTLR |
| 650 ## - SUBJECT ADDED ENTRY--TOPICAL TERM | |
| Topical term or geographic name entry element | TRAMAQ |
| 650 ## - SUBJECT ADDED ENTRY--TOPICAL TERM | |
| Topical term or geographic name entry element | AIR QUALITY |
| 650 ## - SUBJECT ADDED ENTRY--TOPICAL TERM | |
| Topical term or geographic name entry element | URBAN AREAS |
| 690 ## - LOCAL SUBJECT ADDED ENTRY--TOPICAL TERM (OCLC, RLIN) | |
| Topical term or geographic name as entry element | ENVIRONMENTAL AND LAND CONSULTANCY-ENVIRONMENTAL MANAGEMENT |
| 700 ## - ADDED ENTRY--PERSONAL NAME | |
| Personal name | Smith, N. |
| 942 ## - ADDED ENTRY ELEMENTS (KOHA) | |
| Suppress in OPAC | 0 |
| Withdrawn status | Lost status | Source of classification or shelving scheme | Damaged status | Not for loan | Home library | Current library | Shelving location | Date acquired | Total Checkouts | Full call number | Barcode | Date last seen | Copy number | Price effective from | Koha item type |
|---|---|---|---|---|---|---|---|---|---|---|---|---|---|---|---|
| Dewey Decimal Classification | London | London | Journal article | 01/07/2002 | ABS65611 | 118606-1001 | 06/08/2019 | 1 | 06/08/2019 | Journal article |